Biện pháp quản lý hoạt động dạy học môn đồ án ngành Mỹ thuật ứng dụng ở trường Đại học Kiến Trúc Đà Nẵng

Thực trạng quản lý hoạt động dạy học môn đồ án ngành mỹ thuật ứng dụng ở trường đại học Kiến trúc Đà Nẵng; Các biện pháp quản lý hoạt động dạy học môn đồ án ngành mỹ thuật ứng dụng ở trường đại học Kiến trúc Đà Nẵng......

Szczegółowa specyfikacja

Zapisane w:
Opis bibliograficzny
1. autor: Nguyễn Thị Hồng Tươi
Kolejni autorzy: Phan Minh Tiến PGS.TS (Hướng dẫn)
Format: Książka
Wydane: Đà Nẵng Đại học Đà Nẵng 2012
Hasła przedmiotowe:
Etykiety: Dodaj etykietę
Nie ma etykietki, Dołącz pierwszą etykiete!
Thư viện lưu trữ: Mạng thư viện Đại học Đà Nẵng
LEADER 01802nam a2200313 4500
001 000017816
003 14242
005 20130830100843.0
008 130610s2012 sd
082 |a 378.199  |b NG-T 
100 |a Nguyễn Thị Hồng Tươi 
245 |a Biện pháp quản lý hoạt động dạy học môn đồ án ngành Mỹ thuật ứng dụng ở trường Đại học Kiến Trúc Đà Nẵng  |c Nguyễn Thị Hồng Tươi ; Phan Minh Tiến hướng dẫn.  |k Luận văn Thạc sĩ 
260 |a Đà Nẵng  |b Đại học Đà Nẵng  |c 2012 
300 |a 139 tr., phụ lục 9 tr.  |c 29 cm.  |e CD + tóm tắt 
500 |a Luận văn thạc sĩ Giáo dục học. Chuyên ngành: Quản lý giáo dục. Mã số: 60.14.05. 
520 |a Thực trạng quản lý hoạt động dạy học môn đồ án ngành mỹ thuật ứng dụng ở trường đại học Kiến trúc Đà Nẵng; Các biện pháp quản lý hoạt động dạy học môn đồ án ngành mỹ thuật ứng dụng ở trường đại học Kiến trúc Đà Nẵng... 
650 0 4 |a Giáo dục Đại học  |v Luận văn tốt nghiệp  |x Hoạt động dạy học  |x Quản lý  |z Đà Nẵng 
653 |a Hoạt động dạy học  |a Giáo dục Đại học 
700 |a Phan Minh Tiến  |c PGS.TS  |e Hướng dẫn 
OWN |a LSP 
AVA |a UDN50  |b LSP  |d 378.199 NG-T  |e available  |t Error 5001 Not defined in file expand_doc_bib_avail.  |f 1  |g 0  |h N  |i 0  |k 1 
999 |a From the UDN01 
AVA |a UDN50  |b LSP  |d 378.199 NG-T  |e available  |t Error 5001 Not defined in file expand_doc_bib_avail.  |f 1  |g 0  |h N  |i 0  |k 1 
TYP |a Monograph 
TYP |a Printed language 
980 |a Mạng thư viện Đại học Đà Nẵng